| 000 | 00533nam a2200217 a 4500 | ||
|---|---|---|---|
| 999 |
_c4019 _d4019 |
||
| 001 | 4019 | ||
| 003 | BD-JhCC | ||
| 005 | 20171121100620.0 | ||
| 008 | 171121s19591964e a|||| || | 000 0 eng d | ||
| 035 | _a(BD-JhCC)4019 | ||
| 040 |
_aBD-JhCC _dBD-JhCC |
||
| 041 | _aeng | ||
| 082 |
_a833.91 _bBAU 1964 |
||
| 100 | _aBaumann, Hans | ||
| 245 |
_aAngelina and the Birds / _cHans Baumann, |
||
| 260 |
_aLondon : _bOxford University Press, _c1964 |
||
| 300 |
_a63 p. : _c22 cm. |
||
| 650 | _aBirds | ||
| 942 |
_2ddc _cBK |
||